Английский язык. <Colour> Phrases. Цвет в английских идиомах: учебное пособие

Dades bibliogràfiques
Autor principal: Артемова А. Ф. Анна Федоровна
Altres autors: Леонович О. А. Олег Анатольевич, Томахин Г. Д. Геннадий Дмитриевич
Sumari:На обложке авторы не указаны.
Пособие "COLOUR" PHRASES знакомит читателя с лексикой и идиоматикой английского языка, непосредственно связанной с обозначениями цвета. Такой подход не только позволяет обогатить словарный запас изучающих английский язык, но и способствует углублению страноведческих знаний о Великобритании и США. Издание предназначено для студентов институтов и факультетов иностранных языков, а также для лиц, совершенствующих свое знание английского языка.
Idioma:anglès
Publicat: Москва, АСТ, 2008
Matèries:
Format: Llibre
KOHA link:https://koha.lib.tpu.ru/cgi-bin/koha/opac-detail.pl?biblionumber=155125

MARC

LEADER 00000nam0a2200000 4500
001 155125
005 20231101221819.0
010 |a 9785170490462  |b (АСТ)  |b 2000 экз.  |b (Восток-Запад) 
010 |a 978-5-478-00685-3 
021 |a RU  |b 08-40485  |9 08-2234 
035 |a (RuTPU)RU\TPU\book\168277 
090 |a 155125 
100 |a 20080702d2007 m y0rusy5002 ca 
101 0 |a eng 
102 |a RU 
105 |a y j 000yy 
200 1 |a Английский язык. <Colour> Phrases. Цвет в английских идиомах  |e учебное пособие  |f А. Артемова, О. Леонович, Г. Томахин 
210 |a Москва  |c АСТ  |c Восток-Запад  |d 2008 
215 |a 63 с.  |d 20 см. 
300 |a На обложке авторы не указаны. 
330 |a Пособие "COLOUR" PHRASES знакомит читателя с лексикой и идиоматикой английского языка, непосредственно связанной с обозначениями цвета. Такой подход не только позволяет обогатить словарный запас изучающих английский язык, но и способствует углублению страноведческих знаний о Великобритании и США. Издание предназначено для студентов институтов и факультетов иностранных языков, а также для лиц, совершенствующих свое знание английского языка. 
606 1 |a Английские идиомы  |2 stltpush  |3 (RuTPU)RU\TPU\subj\29047  |9 52459 
606 1 |a Английский язык  |x Учебные руководства и пособия  |x Учебные руководства и пособия для высшей школы  |2 stltpush  |3 (RuTPU)RU\TPU\subj\29071  |9 52483 
610 1 |a лексикология 
610 1 |a идиомы 
610 1 |a фразеология 
610 1 |a идиоматика 
610 1 |a английский язык 
686 |a Ш143.21-923.3  |v LBC/SL-A  |2 rubbk 
700 1 |a Артемова  |b А. Ф.  |g Анна Федоровна  |4 070 
701 1 |a Леонович  |b О. А.  |g Олег Анатольевич  |4 070 
701 1 |a Томахин  |b Г. Д.  |g Геннадий Дмитриевич  |4 070 
801 1 |a RU  |b 63413507  |c 20090311  |g PSBO 
801 2 |a RU  |b 63413507  |c 20090826  |g PSBO 
942 |c BK 
959 |a 18/20090203  |d 1  |e 60,50  |f ЧЗИЛ:1